Investment-related trade measures UNCTAD series on issues in international investment agreements
Gespeichert in:
| Format: | Buch |
|---|---|
| Sprache: | Englisch |
| Veröffentlicht: |
New York
United Nations
1999
|
| Schriftenreihe: | UNCTAD/ITE/IT/10
Vol.IV |
| Schlagworte: | |
| Tags: |
Keine Tags, Fügen Sie das erste Tag hinzu!
|
MARC
| LEADER | 00000nam a2200000 4500 | ||
|---|---|---|---|
| 001 | c124727 | ||
| 005 | 20221221082745.2 | ||
| 020 | |a 92-1-112451-4 | ||
| 041 | 0 | |a eng | |
| 044 | |a US | ||
| 245 | 1 | 0 | |a Investment-related trade measures |b UNCTAD series on issues in international investment agreements |
| 264 | 1 | |a New York |b United Nations |c 1999 | |
| 300 | |a 52 s. | ||
| 490 | 1 | |a UNCTAD/ITE/IT/10 |v Vol.IV | |
| 830 | 0 | |a UNCTAD/ITE/IT/10 |v Vol.IV | |
| 610 | 2 | 0 | |a obchod |
| 610 | 2 | 0 | |a opatrenia |
| 610 | 2 | 0 | |a investície |
| 610 | 2 | 0 | |a rozvoj hospodársky |
| 610 | 2 | 0 | |a obchod voľný |